[Event "Iasi op"]
[Site "Iasi"]
[Date "2014.05.13"]
[Round "4"]
[White "Soltanici, Ruslan"]
[Black "Van der Merwe, Cecile Henriette"]
[Result "1-0"]
[WhiteElo "2342"]
[BlackElo "2043"]
[PlyCount "81"]
[EventDate "2014.05.10"]
[EventType "swiss"]
[EventRounds "9"]
[EventCountry "ROU"]
[SourceTitle "CBM 160 Extra"]
[Source "ChessBase"]
[SourceDate "2014.07.01"]
[SourceVersion "1"]
[SourceVersionDate "2014.07.01"]
[SourceQuality "1"]

1. e4 c5 2. Nf3 Nc6 3. Bb5 g6 4. 0-0 Bg7 5. c3 Nf6 6. Re1 0-0 7. h3 e5 8. d3 d6 9. Nbd2 Qc7 10. Nf1 Nh5 11. a3 Ne7 12. Bc4 Rb8 13. a4 h6 14. Bb3 a6 15. d4 c4 16. Bc2 b5 17. axb5 axb5 18. Be3 Bb7 19. Qd2 g5 20. h4 f5 21. exf5 Bxf3 22. gxf3 Nxf5 23. hxg5 Nf4 24. Bxf4 exf4 25. Qe2 Qd8 26. Qe6+ Kh8 27. Bxf5 Qxg5+ 28. Bg4 h5 29. Nh2 Rf6 30. Qd7 Rh6 31. Re8+ Rxe8 32. Qxe8+ Kh7 33. Qe4+ Rg6 34. Kg2 d5 35. Qe8 Rh6 36. Ra8 hxg4 37. Qg8+ Kg6 38. Nxg4 Rh8 39. Ra6+ Kh5 40. Qf7+ Kh4 41. Ra1 1-0

[Event "Iasi op"]
[Site "Iasi"]
[Date "2014.05.11"]
[Round "2"]
[White "Miedema, David"]
[Black "Van der Merwe, Cecile Henriette"]
[Result "1-0"]
[WhiteElo "2390"]
[BlackElo "2043"]
[PlyCount "43"]
[EventDate "2014.05.10"]
[EventType "swiss"]
[EventRounds "9"]
[EventCountry "ROU"]
[SourceTitle "CBM 160 Extra"]
[Source "ChessBase"]
[SourceDate "2014.07.01"]
[SourceVersion "1"]
[SourceVersionDate "2014.07.01"]
[SourceQuality "1"]

1. d4 Nf6 2. c4 g6 3. f3 d5 4. cxd5 Nxd5 5. e4 Nb6 6. Nc3 Bg7 7. Be3 Nc6 8. Bb5 0-0 9. Nge2 Na5 10. b3 a6 11. Bd3 Nc6 12. Bc2 e6 13. Qd2 Qd6 14. Rd1 Rd8 15. Qc1 Qb4 16. a3 Qe7 17. 0-0 Bd7 18. d5 exd5 19. exd5 Ne5 20. d6 Qe6 21. Nf4 Qf6 22. Ne4 1-0

[Event "Lille Luce op 5th"]
[Site "Lille"]
[Date "2014.05.02"]
[Round "7"]
[White "Skomorokhin, Roman"]
[Black "Van der Merwe, Cecile Henriette"]
[Result "1-0"]
[WhiteElo "2384"]
[BlackElo "2038"]
[PlyCount "49"]
[EventDate "2014.04.28"]
[EventType "swiss"]
[EventRounds "9"]
[EventCountry "FRA"]
[SourceTitle "CBM 160 Extra"]
[Source "ChessBase"]
[SourceDate "2014.07.01"]
[SourceVersion "1"]
[SourceVersionDate "2014.07.01"]
[SourceQuality "1"]

1. d4 Nf6 2. c4 g6 3. Nf3 Bg7 4. g3 0-0 5. Bg2 c6 6. 0-0 d5 7. Qa4 Bf5 8. Nc3 Nbd7 9. cxd5 cxd5 10. Bf4 Nb6 11. Qb3 Ne4 12. Rac1 Rc8 13. Nb5 Nc4 14. Nxa7 Ra8 15. Nb5 Qa5 16. Nc7 Rac8 17. Qxb7 Rfd8 18. b3 e5 19. Nxe5 Rxc7 20. Nxc4 Rxc4 21. bxc4 Qxa2 22. e3 Nd2 23. Bxd5 Nxf1 24. Qxf7+ Kh8 25. Bh6 1-0

[Event "Lille Luce op 5th"]
[Site "Lille"]
[Date "2014.05.01"]
[Round "5"]
[White "Van der Merwe, Cecile Henriette"]
[Black "Andriamandimbisoa, Mathieu"]
[Result "1/2-1/2"]
[WhiteElo "2038"]
[BlackElo "1697"]
[PlyCount "97"]
[EventDate "2014.04.28"]
[EventType "swiss"]
[EventRounds "9"]
[EventCountry "FRA"]
[SourceTitle "CBM 160 Extra"]
[Source "ChessBase"]
[SourceDate "2014.07.01"]
[SourceVersion "1"]
[SourceVersionDate "2014.07.01"]
[SourceQuality "1"]

1. e4 e6 2. d4 d5 3. Nd2 c5 4. exd5 exd5 5. Bb5+ Nc6 6. Ngf3 Bd6 7. 0-0 Nge7 8. dxc5 Bxc5 9. Nb3 Bd6 10. h3 0-0 11. c3 Bf5 12. Nbd4 Be4 13. Bd3 Nxd4 14. Nxd4 Ng6 15. Be3 a6 16. Re1 Qf6 17. Bxe4 dxe4 18. Ne2 Rad8 19. Qc2 Qe5 20. Ng3 f5 21. Qb3+ Rf7 22. Bd4 Qf4 23. Bxg7 Qg5 24. Bd4 Bxg3 25. fxg3 Qxg3 26. Bf2 Qg5 27. Kh2 Nf4 28. g3 Rd2 29. Qb6 Nd3 30. h4 Qg7 31. Rf1 Rxb2 32. Qd8+ Rf8 33. Qd5+ Qf7 34. Qd4 Nxf2 35. Rxf2 Rxf2+ 36. Qxf2 Qc4 37. Qe3 Kh8 38. Rd1 Qxa2+ 39. Rd2 Qe6 40. Qf4 Qe7 41. Rd5 Qf7 42. Rc5 Qf6 43. Rc7 Rf7 44. Rc8+ Kg7 45. Rc5 h5 46. Rd5 Qg6 47. Rd6 Rf6 48. Rd7+ Rf7 49. Rd6 1/2-1/2

[Event "Skopje Karposh op"]
[Site "Skopje"]
[Date "2014.04.05"]
[Round "9"]
[White "Yildiz Kadioglu, Betul Cemre"]
[Black "Van der Merwe, Cecile Henriette"]
[Result "1/2-1/2"]
[WhiteElo "2337"]
[BlackElo "2026"]
[PlyCount "74"]
[EventDate "2014.03.29"]
[EventType "swiss"]
[EventRounds "9"]
[EventCountry "MKD"]
[SourceTitle "CBM 159 Extra"]
[Source "ChessBase"]
[SourceDate "2014.04.24"]
[SourceVersion "1"]
[SourceVersionDate "2014.04.24"]
[SourceQuality "1"]

1. d4 Nf6 2. Nf3 g6 3. c4 Bg7 4. g3 c6 5. Bg2 0-0 6. 0-0 d5 7. Nbd2 Ne4 8. e3 Bf5 9. Qe2 Nd7 10. Nh4 Nxd2 11. Bxd2 Be6 12. cxd5 cxd5 13. f4 Nf6 14. f5 Bd7 15. fxg6 hxg6 16. Bb4 Re8 17. Qd3 Qb6 18. Qa3 Qe6 19. Rac1 a5 20. Bd2 Bb5 21. Rfe1 Ne4 22. Bxe4 Qxe4 23. Rc5 Bd7 24. Rxa5 Rxa5 25. Qxa5 g5 26. Ng2 Bh3 27. Re2 Rc8 28. Qb5 Rc2 29. Rf2 Bxg2 30. Rxg2 Bxd4 31. exd4 Rxd2 32. Rxd2 Qe1+ 33. Qf1 Qxd2 34. Qf2 Qd3 35. a3 Qb1+ 36. Kg2 Qe4+ 37. Kg1 Qb1+ 1/2-1/2

[Event "Skopje Karposh op"]
[Site "Skopje"]
[Date "2014.04.04"]
[Round "8"]
[White "Van der Merwe, Cecile Henriette"]
[Black "Papp, Petra"]
[Result "1-0"]
[WhiteElo "2026"]
[BlackElo "2302"]
[PlyCount "63"]
[EventDate "2014.03.29"]
[EventType "swiss"]
[EventRounds "9"]
[EventCountry "MKD"]
[SourceTitle "CBM 159 Extra"]
[Source "ChessBase"]
[SourceDate "2014.04.24"]
[SourceVersion "1"]
[SourceVersionDate "2014.04.24"]
[SourceQuality "1"]

1. e4 c5 2. Nf3 e6 3. d4 cxd4 4. Nxd4 Nc6 5. Nxc6 bxc6 6. Bd3 d5 7. 0-0 Nf6 8. Bg5 Qb6 9. Bxf6 gxf6 10. exd5 cxd5 11. Nc3 a6 12. Qf3 Bg7 13. Rfe1 0-0 14. Qh5 f5 15. g4 Qxb2 16. gxf5 Re8 17. Nxd5 Bd7 18. f6 Bxf6 19. Rab1 Qd4 20. Bxh7+ Kf8 21. Rbd1 exd5 22. Rxe8+ Rxe8 23. Rxd4 Bxd4 24. Qxd5 Bh3 25. Qd6+ Re7 26. Qh6+ Bg7 27. Qxh3 Re6 28. Bd3 a5 29. Qf3 Bd4 30. Qa8+ Kg7 31. Qxa5 Rf6 32. Qd2 1-0

[Event "Skopje Karposh op"]
[Site "Skopje"]
[Date "2014.03.31"]
[Round "4"]
[White "Van der Merwe, Cecile Henriette"]
[Black "Draskovic, Luka"]
[Result "0-1"]
[WhiteElo "2026"]
[BlackElo "2360"]
[PlyCount "116"]
[EventDate "2014.03.29"]
[EventType "swiss"]
[EventRounds "9"]
[EventCountry "MKD"]
[SourceTitle "CBM 159 Extra"]
[Source "ChessBase"]
[SourceDate "2014.04.24"]
[SourceVersion "1"]
[SourceVersionDate "2014.04.24"]
[SourceQuality "1"]

1. e4 d6 2. d4 Nf6 3. Nc3 e5 4. f4 exd4 5. Qxd4 Nc6 6. Bb5 Bd7 7. Qf2 g6 8. Nf3 Bg7 9. Bd2 0-0 10. 0-0-0 a6 11. Bxc6 Bxc6 12. Rhe1 b5 13. e5 b4 14. exf6 Qxf6 15. Ng5 Rfe8 16. g4 a5 17. Rxe8+ Rxe8 18. Re1 Rxe1+ 19. Bxe1 h6 20. Nge4 Qe7 21. Qe2 bxc3 22. Nxc3 Qxe2 23. Nxe2 Bf3 24. Nc3 Bd4 25. Nb5 Bb6 26. g5 h5 27. Bc3 Bc6 28. Nd4 Bd7 29. Kd2 Kf8 30. Ne2 Bg4 31. Bd4 c5 32. Bf2 Bxe2 33. Kxe2 Ke7 34. Kd3 d5 35. c3 c4+ 36. Ke2 Bc7 37. Kf3 Ke6 38. Bd4 Kf5 39. Be3 a4 40. a3 Bd6 41. h3 Bc7 42. Bd2 Bd8 43. Be3 f6 44. h4 fxg5 45. fxg5 Bc7 46. Bd2 Bb6 47. Be1 Ba7 48. Bd2 Bb8 49. Be3 Be5 50. Bd2 d4 51. Be1 Bg7 52. Bd2 Ke5 53. Bf4+ Kd5 54. Bd2 Be5 55. Be1 dxc3 56. Bxc3 Bd4 57. Bxd4 Kxd4 58. Kf4 Kd3 0-1

[Event "Kecskemet Caissa IM 03"]
[Site "Kecskemet"]
[Date "2014.03.25"]
[Round "10"]
[White "Becskei, Zoltan"]
[Black "Van der Merwe, Cecile Henriette"]
[Result "0-1"]
[WhiteElo "2362"]
[BlackElo "2026"]
[PlyCount "70"]
[EventDate "2014.03.17"]
[EventType "tourn"]
[EventRounds "10"]
[EventCountry "HUN"]
[SourceTitle "CBM 159 Extra"]
[Source "ChessBase"]
[SourceDate "2014.04.24"]
[SourceVersion "1"]
[SourceVersionDate "2014.04.24"]
[SourceQuality "1"]

1. Nc3 c5 2. e4 Nc6 3. Bb5 g6 4. Bxc6 dxc6 5. d3 Bg7 6. f4 Nf6 7. Nf3 b5 8. e5 Nd5 9. Ne4 Qb6 10. 0-0 c4+ 11. d4 Bf5 12. Nc5 Nb4 13. Rf2 Rd8 14. Be3 Nxc2 15. Rxc2 Qxc5 16. Rf2 Qd5 17. Qe1 0-0 18. h3 Bd3 19. Kh2 Rb8 20. Qb4 Rfe8 21. Rg1 Ra8 22. g4 a5 23. Qd2 e6 24. Ne1 Be4 25. f5 c5 26. f6 cxd4 27. fxg7 dxe3 28. Qxe3 Qxe5+ 29. Rg3 f5 30. Nf3 Qxg7 31. Ng5 Bd5 32. Qc5 fxg4 33. Rf7 Qxb2+ 34. Kg1 Qc1+ 35. Kh2 Qh1# 0-1

[Event "Kecskemet Caissa IM 03"]
[Site "Kecskemet"]
[Date "2014.03.17"]
[Round "1"]
[White "Farkas, Tibor"]
[Black "Van der Merwe, Cecile Henriette"]
[Result "1-0"]
[WhiteElo "2248"]
[BlackElo "2026"]
[PlyCount "81"]
[EventDate "2014.03.17"]
[EventType "tourn"]
[EventRounds "10"]
[EventCountry "HUN"]
[SourceTitle "CBM 159 Extra"]
[Source "ChessBase"]
[SourceDate "2014.04.24"]
[SourceVersion "1"]
[SourceVersionDate "2014.04.24"]
[SourceQuality "1"]

1. e4 c5 2. Nf3 Nc6 3. d4 cxd4 4. Nxd4 g6 5. c4 Nf6 6. Nc3 d6 7. f3 Nxd4 8. Qxd4 Bg7 9. Be3 0-0 10. Qd2 a5 11. Na4 Nd7 12. Be2 b6 13. h4 Nc5 14. Nc3 Be6 15. h5 Qe8 16. g4 Rc8 17. Bh6 Bxh6 18. Qxh6 f6 19. hxg6 Qxg6 20. Qe3 Bf7 21. Kf2 e6 22. Rad1 Rcd8 23. f4 Kh8 24. Rh4 Bg8 25. b3 Rfe8 26. Bf3 d5 27. Rhh1 Rd7 28. f5 exf5 29. gxf5 Qg7 30. cxd5 Re5 31. Rh4 Qf8 32. Ne2 Bxd5 33. Rxd5 Rdxd5 34. Nf4 Nd3+ 35. Nxd3 Rxd3 36. Qxd3 Qc5+ 37. Qe3 Qc2+ 38. Be2 Re7 39. Qxb6 Kg7 40. Rg4+ Kf7 41. Qb5 1-0

[Event "Reykjavik op"]
[Site "Reykjavik"]
[Date "2014.03.06"]
[Round "4"]
[White "Van der Merwe, Cecile Henriette"]
[Black "Norlander, Svante"]
[Result "1-0"]
[WhiteElo "2026"]
[BlackElo "1754"]
[PlyCount "37"]
[EventDate "2014.03.04"]
[EventType "swiss"]
[EventRounds "10"]
[EventCountry "ISL"]
[SourceTitle "CBM 159 Extra"]
[Source "ChessBase"]
[SourceDate "2014.04.24"]
[SourceVersion "1"]
[SourceVersionDate "2014.04.24"]
[SourceQuality "1"]

1. e4 d6 2. d4 Nf6 3. Nc3 g6 4. f4 Bg7 5. Nf3 0-0 6. e5 dxe5 7. fxe5 Nd5 8. Bc4 Nb6 9. Bb3 Nc6 10. 0-0 Bg4 11. Be3 Bxf3 12. Rxf3 e6 13. Ne4 a5 14. a4 Nb4 15. Bg5 Qd7 16. Qd2 N4d5 17. c4 Ne7 18. Nf6+ Bxf6 19. Bxf6 1-0

[Event "Reykjavik op"]
[Site "Reykjavik"]
[Date "2014.03.05"]
[Round "3"]
[White "Pajeken, Wolfgang"]
[Black "Van der Merwe, Cecile Henriette"]
[Result "1-0"]
[WhiteElo "2308"]
[BlackElo "2026"]
[PlyCount "87"]
[EventDate "2014.03.04"]
[EventType "swiss"]
[EventRounds "10"]
[EventCountry "ISL"]
[SourceTitle "CBM 159 Extra"]
[Source "ChessBase"]
[SourceDate "2014.04.24"]
[SourceVersion "1"]
[SourceVersionDate "2014.04.24"]
[SourceQuality "1"]

1. Nf3 Nf6 2. c4 g6 3. Nc3 d5 4. cxd5 Nxd5 5. Qa4+ Nc6 6. Ne5 Nxc3 7. bxc3 Bg7 8. Nxc6 bxc6 9. Qxc6+ Bd7 10. Qc5 0-0 11. e4 Qb8 12. Bc4 Qb6 13. Ba3 Bc6 14. f3 Rfe8 15. Ke2 e6 16. Rab1 Qxc5 17. Bxc5 Reb8 18. Rxb8+ Rxb8 19. Bxa7 Rb2 20. Rc1 Bb5 21. Bxb5 Rxb5 22. Rc2 Be5 23. g3 Bd6 24. d4 Ra5 25. Bc5 Bxc5 26. dxc5 Rxc5 27. Kd3 e5 28. a4 Kf8 29. Ra2 Ra5 30. Kc4 Ke7 31. Kb4 Ra8 32. a5 Kd6 33. a6 Kc6 34. a7 Kb6 35. Kc4 c6 36. g4 f6 37. h4 h6 38. h5 gxh5 39. gxh5 Kb7 40. Kc5 Kc7 41. Ra1 Kb7 42. Kd6 c5 43. c4 Rd8+ 44. Ke7 1-0

[Event "WchT (Women) 3rd"]
[Site "Mardin"]
[Date "2011.12.26"]
[Round "8"]
[White "Van der Merwe, Cecile Henriette"]
[Black "Kosintseva, Nadezhda"]
[Result "0-1"]
[WhiteElo "2057"]
[BlackElo "2546"]
[PlyCount "84"]
[EventDate "2011.12.18"]
[EventType "team-tourn"]
[EventRounds "9"]
[EventCountry "TUR"]
[SourceTitle "CBM 145 Extra"]
[Source "ChessBase"]
[SourceDate "2012.01.03"]
[SourceVersion "1"]
[SourceVersionDate "2012.01.03"]
[SourceQuality "1"]
[WhiteTeam "South Africa (W)"]
[BlackTeam "Russia (W)"]
[WhiteTeamCountry "RSA"]
[BlackTeamCountry "RUS"]

1. e4 c5 2. Nc3 Nc6 3. f4 g6 4. Nf3 Bg7 5. Bb5 Nd4 6. 0-0 Nxb5 7. Nxb5 d6 8. d3 Nf6 9. Qe1 Bd7 10. Nc3 Bc6 11. Kh1 Qd7 12. Rb1 b5 13. Ne2 0-0 14. Qh4 e6 15. Ng5 h6 16. Nh3 Nh7 17. f5 g5 18. Bxg5 exf5 19. Bxh6 Bxh6 20. Qxh6 fxe4 21. Ng5 f6 22. Qg6+ Kh8 23. Nxh7 Qxh7 24. Rxf6 Qxg6 25. Rxg6 Rf2 26. Nc3 e3 27. Kg1 Rxc2 28. Ne4 c4 29. Nxd6 cxd3 30. Rg3 Rf2 31. Rh3+ Kg7 32. Rg3+ Kf8 33. Rxe3 Rxg2+ 34. Kf1 Rxh2 35. Rbe1 d2 36. Rd1 Rd8 37. Rd3 Rh1+ 38. Ke2 Rh2+ 39. Kf1 Bg2+ 40. Kg1 Rh1+ 41. Kxg2 Rxd1 42. Kf2 Rh1 0-1

[Event "WchT (Women) 3rd"]
[Site "Mardin"]
[Date "2011.12.25"]
[Round "7"]
[White "Pham, Le Thao Nguyen"]
[Black "Van der Merwe, Cecile Henriette"]
[Result "1-0"]
[WhiteElo "2341"]
[BlackElo "2057"]
[PlyCount "99"]
[EventDate "2011.12.18"]
[EventType "team-tourn"]
[EventRounds "9"]
[EventCountry "TUR"]
[SourceTitle "CBM 145 Extra"]
[Source "ChessBase"]
[SourceDate "2012.01.03"]
[SourceVersion "1"]
[SourceVersionDate "2012.01.03"]
[SourceQuality "1"]
[WhiteTeam "Vietnam (W)"]
[BlackTeam "South Africa (W)"]
[WhiteTeamCountry "VIE"]
[BlackTeamCountry "RSA"]

1. d4 Nf6 2. Bf4 g6 3. e3 Bg7 4. Nf3 0-0 5. Be2 d6 6. 0-0 c5 7. Nbd2 Be6 8. dxc5 dxc5 9. c3 Nc6 10. h3 Qb6 11. Qc2 Rfd8 12. Ng5 Na5 13. Nxe6 Qxe6 14. Bc7 Rd7 15. Bxa5 b6 16. Nb3 Rc8 17. Rfd1 bxa5 18. Nxa5 Rcd8 19. Nc4 Ne4 20. Rxd7 Rxd7 21. Bg4 f5 22. Be2 Bf6 23. Qb3 Kg7 24. Qb8 Nd6 25. Na5 Qg8 26. Qxg8+ Kxg8 27. Rd1 Rc7 28. Bc4+ Kg7 29. Kf1 Bg5 30. Rd5 Nb7 31. Nb3 Bf6 32. Ba6 e6 33. Rd1 Nd8 34. Bc4 Kf7 35. Rd6 Be7 36. Ra6 Nc6 37. Ke2 Kf6 38. f4 Kf7 39. Nc1 Nd8 40. Nd3 Bf6 41. Kd2 Ke7 42. Kc2 g5 43. g4 h6 44. b3 Bg7 45. gxf5 exf5 46. Rg6 Bf8 47. fxg5 hxg5 48. Rxg5 Kf6 49. Rg8 Be7 50. Nf4 1-0

[Event "WchT (Women) 3rd"]
[Site "Mardin"]
[Date "2011.12.20"]
[Round "3"]
[White "Van der Merwe, Cecile Henriette"]
[Black "Harika, Dronavalli"]
[Result "0-1"]
[WhiteElo "2057"]
[BlackElo "2512"]
[PlyCount "50"]
[EventDate "2011.12.18"]
[EventType "team-tourn"]
[EventRounds "9"]
[EventCountry "TUR"]
[SourceTitle "CBM 145 Extra"]
[Source "ChessBase"]
[SourceDate "2012.01.03"]
[SourceVersion "1"]
[SourceVersionDate "2012.01.03"]
[SourceQuality "1"]
[WhiteTeam "South Africa (W)"]
[BlackTeam "India (W)"]
[WhiteTeamCountry "RSA"]
[BlackTeamCountry "IND"]

1. e4 g6 2. d4 Bg7 3. Nf3 c5 4. c3 cxd4 5. cxd4 d5 6. e5 Nc6 7. h3 Nh6 8. Nc3 0-0 9. Qb3 Nf5 10. Be3 e6 11. Bd3 Nxe3 12. fxe3 Bh6 13. Nd1 Bd7 14. Qc3 Rc8 15. Qd2 f6 16. exf6 Qxf6 17. 0-0 Nxd4 18. Nxd4 Qxd4 19. Rxf8+ Rxf8 20. Qe2 Qe5 21. Kh1 Bc6 22. Nf2 Qxe3 23. Ng4 Qxe2 24. Nf2 Qe3 25. Ng4 Qe2 0-1

[Event "WchT (Women) 3rd"]
[Site "Mardin"]
[Date "2011.12.19"]
[Round "2"]
[White "Ju, Wenjun"]
[Black "Van der Merwe, Cecile Henriette"]
[Result "1-0"]
[WhiteElo "2543"]
[BlackElo "2057"]
[PlyCount "59"]
[EventDate "2011.12.18"]
[EventType "team-tourn"]
[EventRounds "9"]
[EventCountry "TUR"]
[SourceTitle "CBM 145 Extra"]
[Source "ChessBase"]
[SourceDate "2012.01.03"]
[SourceVersion "1"]
[SourceVersionDate "2012.01.03"]
[SourceQuality "1"]
[WhiteTeam "China (W)"]
[BlackTeam "South Africa (W)"]
[WhiteTeamCountry "CHN"]
[BlackTeamCountry "RSA"]

1. c4 Nf6 2. d4 g6 3. Nc3 Bg7 4. e4 d6 5. Nf3 0-0 6. Be2 e5 7. 0-0 Nc6 8. d5 Ne7 9. b4 a5 10. Ba3 axb4 11. Bxb4 Nd7 12. a4 f5 13. Nd2 fxe4 14. Ndxe4 Nf5 15. Bd3 Nf6 16. c5 Nxe4 17. Nxe4 Qh4 18. cxd6 Nxd6 19. Rc1 Nxe4 20. Bxf8 Bxf8 21. g3 Nxg3 22. hxg3 Qxa4 23. Qxa4 Rxa4 24. Rxc7 Bh3 25. Rb1 Rd4 26. Be2 Bf5 27. Rbxb7 g5 28. Rb8 Re4 29. Bc4 Re1+ 30. Kh2 1-0

[Event "RSA-ch"]
[Site "Johannesburg"]
[Date "2005.04.15"]
[Round "9"]
[White "Van der Merwe, Cecile Henriette"]
[Black "Van der Nat, Nicholas P"]
[Result "0-1"]
[WhiteElo "2087"]
[BlackElo "2218"]
[PlyCount "122"]
[EventDate "2005.04.08"]
[EventType "tourn"]
[EventRounds "11"]
[EventCountry "RSA"]
[SourceTitle "CBM 105 Extra"]
[Source "ChessBase"]
[SourceDate "2005.05.01"]
[SourceVersion "1"]
[SourceVersionDate "2005.05.01"]
[SourceQuality "1"]

1. e4 c5 2. Nf3 Nc6 3. Bb5 g6 4. c3 Bg7 5. d4 Qb6 6. Bxc6 bxc6 7. 0-0 Nh6 8. Na3 cxd4 9. cxd4 Ba6 10. Re1 0-0 11. Qc2 Qc7 12. h3 f6 13. Be3 Qb7 14. Nd2 Nf7 15. Nb3 Qc8 16. Nc5 d6 17. Nxa6 Qxa6 18. Rac1 Rfc8 19. Qc4 Qb7 20. Re2 d5 21. Qd3 Rab8 22. Rec2 e6 23. Nb1 Nd6 24. Nd2 a5 25. f3 Bf8 26. Nb3 Nc4 27. Rxc4 dxc4 28. Qxc4 Qf7 29. Rc2 Rb4 30. Qa6 Qe8 31. Bd2 a4 32. Nc5 Rxd4 33. Qe2 Rcd8 34. Be3 Bxc5 35. Rxc5 Rd1+ 36. Kh2 Qd7 37. Qc2 Qd6+ 38. e5 Qd3 39. Qxd3 R8xd3 40. Bh6 fxe5 41. Rxc6 Kf7 42. Ra6 Rd4 43. Ra7+ Ke8 44. Bg7 Re1 45. Ra5 Re2 46. Rxe5 Rxe5 47. Bxe5 Rd2 48. h4 Re2 49. Bc3 Rc2 50. Be5 Rc5 51. Bc3 Kd7 52. Kg3 h5 53. Kf4 Kc6 54. g4 Kb5 55. Bf6 Rd5 56. Bc3 Kc4 57. gxh5 Rxh5 58. Kg4 e5 59. Bd2 Kd3 60. Bc3 Kc2 61. Kg3 a3 0-1

[Event "RSA-ch"]
[Site "Johannesburg"]
[Date "2005.04.10"]
[Round "4"]
[White "Bhawoodien, Shabier Hussain"]
[Black "Van der Merwe, Cecile Henriette"]
[Result "1-0"]
[WhiteElo "2214"]
[BlackElo "2087"]
[PlyCount "93"]
[EventDate "2005.04.08"]
[EventType "tourn"]
[EventRounds "11"]
[EventCountry "RSA"]
[SourceTitle "CBM 105 Extra"]
[Source "ChessBase"]
[SourceDate "2005.05.01"]
[SourceVersion "1"]
[SourceVersionDate "2005.05.01"]
[SourceQuality "1"]

1. g3 d5 2. Bg2 e6 3. d3 c5 4. Nd2 Nf6 5. e4 Nc6 6. f4 Be7 7. Ngf3 b6 8. 0-0 Bb7 9. e5 Nd7 10. Qe2 Qc7 11. c3 h6 12. Re1 0-0-0 13. Nf1 Rdg8 14. f5 g5 15. f6 g4 16. Nh4 Bf8 17. Bf4 h5 18. Nf5 Qd8 19. Nh4 Bh6 20. a3 Ba6 21. b3 Bxf4 22. gxf4 Nxf6 23. exf6 Qxf6 24. f5 Re8 25. fxe6 fxe6 26. Qf2 Qxc3 27. b4 Rhf8 28. Qg3 Qxd3 29. Qd6 Qd4+ 30. Kh1 Nd8 31. bxc5 Qf4 32. Rac1 Qxd6 33. cxd6+ Kd7 34. Rc7+ Kxd6 35. Rxa7 Bd3 36. Rd1 Bc4 37. Ne3 b5 38. a4 Bb3 39. Ra6+ Kc7 40. Rc1+ Kb7 41. axb5 Rf2 42. Rb1 Bc2 43. Rb2 Re2 44. Nxc2 Rf8 45. Ra1 Rff2 46. Rf1 Rxc2 47. Rxf2 1-0

[Event "RSA-ch"]
[Site "Johannesburg"]
[Date "2005.04.09"]
[Round "3"]
[White "Solomon, Kenny"]
[Black "Van der Merwe, Cecile Henriette"]
[Result "1-0"]
[WhiteElo "2342"]
[BlackElo "2087"]
[PlyCount "117"]
[EventDate "2005.04.08"]
[EventType "tourn"]
[EventRounds "11"]
[EventCountry "RSA"]
[SourceTitle "CBM 105 Extra"]
[Source "ChessBase"]
[SourceDate "2005.05.01"]
[SourceVersion "1"]
[SourceVersionDate "2005.05.01"]
[SourceQuality "1"]

1. d4 d5 2. c4 e6 3. Nc3 c5 4. cxd5 exd5 5. Nf3 Nc6 6. g3 Nf6 7. Bg2 Be7 8. 0-0 0-0 9. Bg5 cxd4 10. Nxd4 h6 11. Be3 Re8 12. Qa4 Bd7 13. Rfd1 Na5 14. Qc2 Rc8 15. Nf5 Nc4 16. Bd4 Bc5 17. Bxc5 Rxc5 18. Nxd5 Re5 19. Nxf6+ Qxf6 20. Rxd7 Rxf5 21. Qd3 Nxb2 22. Qd4 Qxd4 23. Rxd4 Rfe5 24. Bf3 Rc7 25. Rb1 Nc4 26. Rxb7 Rxb7 27. Bxb7 Nb6 28. Be4 g6 29. a4 Kg7 30. f4 Rc5 31. Kf2 Kf6 32. h4 h5 33. Bd3 Ra5 34. Bb5 Ke6 35. Kf3 a6 36. Bc6 Rc5 37. Be4 Rc3+ 38. Kf2 Ra3 39. Bc2 a5 40. Re4+ Kd6 41. Re3 Rxe3 42. Kxe3 Kc5 43. f5 Nd5+ 44. Ke4 gxf5+ 45. Ke5 f6+ 46. Ke6 f4 47. gxf4 Nxf4+ 48. Kxf6 Nxe2 49. Kg5 Ng3 50. Bd3 Kd4 51. Bg6 Kc4 52. Bxh5 Nxh5 53. Kxh5 Kb4 54. Kg4 Kxa4 55. h5 Kb3 56. h6 a4 57. h7 a3 58. h8Q Ka2 59. Qc3 1-0

[Event "RSA-ch"]
[Site "Johannesburg"]
[Date "2005.04.08"]
[Round "2"]
[White "Van der Merwe, Cecile Henriette"]
[Black "Van den Heever, Donovan"]
[Result "0-1"]
[WhiteElo "2087"]
[BlackElo "2099"]
[PlyCount "84"]
[EventDate "2005.04.08"]
[EventType "tourn"]
[EventRounds "11"]
[EventCountry "RSA"]
[SourceTitle "CBM 105 Extra"]
[Source "ChessBase"]
[SourceDate "2005.05.01"]
[SourceVersion "1"]
[SourceVersionDate "2005.05.01"]
[SourceQuality "1"]

1. e4 c5 2. Nf3 d6 3. c3 Nf6 4. Be2 g6 5. 0-0 Bg7 6. Re1 0-0 7. Bf1 Nc6 8. h3 e5 9. Na3 Re8 10. d3 h6 11. Nc4 Be6 12. a4 Qc7 13. Be3 Rad8 14. Qc2 b6 15. Rad1 d5 16. exd5 Nxd5 17. Bc1 Nf4 18. g3 Nxh3+ 19. Kh2 Bg4 20. Bg2 Qd7 21. Qe2 Ng5 22. Bxg5 hxg5 23. Ne3 Nd4 24. cxd4 exd4 25. Qc2 dxe3 26. fxe3 Qf5 27. Qe2 Be5 28. Rd2 Kg7 29. Qf2 Rxd3 30. Rxd3 Qxd3 31. Nxg5 f6 32. Nf3 Bd6 33. Bf1 Qf5 34. Bg2 c4 35. Rf1 Bc5 36. Nd4 Qxf2 37. Rxf2 Rxe3 38. Rf4 Bd7 39. Nc6 Re2 40. Nxa7 Bxa4 41. Rxc4 Bb3 42. Re4 Rxg2+ 0-1

[Event "RSA-ch (Women) op"]
[Site "Port Elizabeth"]
[Date "2005.02.26"]
[Round "5"]
[White "Laubscher, Anzel"]
[Black "Van der Merwe, Cecile Henriette"]
[Result "1-0"]
[WhiteElo "1896"]
[BlackElo "2087"]
[PlyCount "136"]
[EventDate "2005.02.24"]
[EventType "tourn"]
[EventRounds "7"]
[EventCountry "RSA"]
[SourceTitle "EXT 2007"]
[Source "ChessBase"]
[SourceDate "2006.11.23"]
[SourceVersion "1"]
[SourceVersionDate "2006.11.23"]
[SourceQuality "1"]

1. d4 Nf6 2. Nf3 c5 3. e3 e6 4. Bd3 b6 5. c3 Bb7 6. Nbd2 Be7 7. e4 cxd4 8. Nxd4 0-0 9. 0-0 d6 10. Qe2 Nbd7 11. f3 Qc7 12. N2b3 Rac8 13. f4 d5 14. e5 Ne4 15. Qh5 Rfe8 16. Rf3 Nf8 17. f5 Qxe5 18. Bf4 Qf6 19. fxe6 fxe6 20. Bxe4 dxe4 21. Be5 exf3 22. Bxf6 Bxf6 23. gxf3 Ng6 24. Qb5 e5 25. Nf5 Red8 26. Qe2 Nf4 27. Qf1 Rd3 28. h4 Rxf3 29. Qb5 Nh3+ 30. Kh2 Rxf5 31. Kxh3 Rf3+ 32. Kh2 Rf8 33. Rf1 Rxf1 34. Qxf1 Bd5 35. Qb5 Be6 36. h5 e4 37. Qc6 Bf7 38. Qxe4 Bxh5 39. Nd4 Bg6 40. Qd5+ Bf7 41. Qb7 Be5+ 42. Kg1 h5 43. Qxa7 Bc4 44. Qxb6 Bxa2 45. Qa5 Bxd4+ 46. cxd4 Bf7 47. d5 Re8 48. d6 Be6 49. Qc7 h4 50. d7 Bxd7 51. Qxd7 Re1+ 52. Kf2 Rb1 53. Qd4 h3 54. Kg3 h2 55. Kxh2 g5 56. Qf6 Ra1 57. Qxg5+ Kf7 58. Qf4+ Ke6 59. Qe3+ Kd5 60. Qd3+ Kc5 61. Qc3+ Kb5 62. b4 Ra4 63. Qc5+ Ka6 64. b5+ Kb7 65. Qc6+ Kb8 66. b6 Ra2+ 67. Kh3 Ra3+ 68. Kg4 Rg3+ 1-0